00734nam a2200193 a 450000100100000000500170001000800410002702000180006804000250008610000330011124500430014426000650018730000210025249000310027350000700030483000380037495201110041299900170052300004085620201002034430.0130909s2011 pr 000 0 spa d a9780865816596 aDO-SdBNPbspacBNPHU1 aVera Santiago, Nelson96727810aFicciología /cNelson Vera Santiago. aPuerto Rico :bInstituto de Cultura Puertorriqueña,c2011. a115 p. ;c24 cm.1 aPremios de literatura 2010 aIncluye datos biográficos del autor en la solapa de la cubierta 0aPremios de literatura 2010967279 001054708MOaGRbGRcCTd2013-09-09iLF1l0o p40856-10r2020-06-25w2020-06-25y4ZPréstamo en sala c40346d40346